000 00914nam a2200265 c 4500
003 BLK
005 20190913121200.0
008 180911b bul|||||r ||||||| ||bul||
010 _a002060
040 _aBLK
041 _aBUL
080 _z271
100 1 _aПОСНОВ, Михаил
_eпърви автор
245 0 0 _aМонашеството през IV-ХI векове
246 _aОбщ очерк
260 _aСофия
_bСоф. унив.
_c1927
_fХудожник
300 _a66 с
_c24 см
380 _a2
490 _aЧастна колекция - Академик Михаил Арнаудов
_gДарение - Основен фонд
501 _aОтпеч. от Год. СУ "Св. Кл. Охридски", Богослов. фак. : IV. - 1926-1927. - с. 63-129.
655 _aРелигии
700 1 _aМ. Поснов
852 _aМА 4083
942 _cKNG
_n0
944 _aCR
_c1994
999 _c342421
_d342421